| 000 | 00734cab a2200277 4500 | ||
|---|---|---|---|
| 001 | ABS57021 | ||
| 008 | 090401t1997 xxu||||| |||| 00| 0 eng d | ||
| 035 | _a(Sirsi) u98422 | ||
| 041 | _aeng | ||
| 100 | _aAustin, R. | ||
| 245 | _aEnd of the deep freeze | ||
| 260 | _c1997 | ||
| 350 | _a0 | ||
| 490 |
_aEstates Gazette _v(9721) 24 May 1997, 142-143(2) |
||
| 520 | _aA review of the key legal developments in the French real estate market since mid 1996. | ||
| 650 | _aFRANCE | ||
| 650 | _aPLANNING TAXES | ||
| 650 | _aREAL ESTATE MARKET | ||
| 650 | _aSAFETY REGULATIONS | ||
| 650 | _aSHOPPING CENTRES | ||
| 650 | _aTAXES | ||
| 650 | _aTERMITES | ||
| 690 | _aOVERSEAS-EUROPE | ||
| 942 | _n0 | ||
| 948 | _c02/06/1997 | ||
| 999 |
_c59816 _d59816 |
||